3 Rzesza ogólna wiedza - Statystyki

Ogólne statystyki
  • Ten quiz został rozwiązany 685 razy
  • Średni wynik to 8 z 15
Statystyki odpowiedzi
Hint Odpowiedź % Poprawnych
Przywódca Rzeszy Adolf Hitler
97%
Stolica Rzeszy Berlin
87%
Rok ataku na ZSRR 1941
86%
Jakie państwo zostało jako pierwsze napadnięte zbrojnie przez Rzeszę Polska
84%
Partia polityczna Rzeszy NSDAP
80%
Data roczna kapitulacji Rzeszy 1945
78%
Na jakie państwo używa się terminu Anschluss Austria
70%
Tajna policja w Rzeszy Gestapo
56%
Szef SS Heinrich Himmler
38%
Ideologia Partii Narodowy Socjalizm
33%
Naczelny dowódca Luftwaffe Hermann Goring
23%
Jak nazywano pierwotne rozszerzenia terytorialne Rzeszy na Europę Lebensraum
16%
Elitarna jednostka wojskowa Rzeszy Schutzstaffel
13%
Jak nazywała się bojówka do zgromadzeń partyjnych Sturmabteilung
8%
Jak było określane państwo Rzesza Tysiącletnia
3%
Nie znaleziono quizów pasujących do podanych kryteriów
Rozkład punktacji
Procent ludzi z każdym wynikiem
Percentyl według liczby udzielonych odpowiedzi
Twoja historia wyników
Nie rozwiązałeś tego quizu